000 00432nam a2200181Ia 4500
001 15868
005 20260306170227.0
008 260306t2009||||xx |||||||||||||| ||und||
041 _aESP
082 _a620.112
_bM21
100 _aMamlouk, Michael S.
_eAUT
245 0 _aMateriales para ingenierĂ­a civil
260 _c2009
300 _a597 páginas :
_c25 cm.
650 _aGEN
654 _aCII
942 _cLIB
_dJUS
_fJUS
_2ddc
_n
999 _c15868
_d15868